Datum a čas kvízu
26.5
Celkem bodů
Celkový počet nahraných bodů na tomto kvízu bez doplňovacích otázek.
3.
Pořadí na kvízu
Konečné umístění týmu na tomto kvízu.
Zaznamenané odpovědi
| # | Otázka | Odpověď | Body | Výsledky |
|---|---|---|---|---|
| 1. | Tzv. Turistická sjezdovka na K... | splašky | 1 | |
| 2. | Francouzský europoslanec Rapha... | socha Svobody | 1 | |
| 3. | Minulý týden jsme se dozvěděli... | o akvadukt | 1 | |
| 4. | Americká společnost Alphabet,... | Wiz | 1 | |
| 5. | Jak se jmenuje vítěz ankety Fo... | Tomáš Souček; West Ham (United) | 1 | |
| 6. | Podíváme se na temné stránky d... | Jan Želivský | 1 | |
| 7. | Doba pobělohorská znamenala zá... | Obnovené zřízení zemské | 1 | |
| 8. | První světová válka znamenala... | Osmanská říše | 0 | |
| 9. | V období tzv. Protektorátu se... | František Fajtl | 0 | |
| 10. | Jedním z nejkontroverznějších... | v roce 1953, Antonín Zápotocký | 0 |